000 00439nam a22001697a 4500
005 20180813120645.0
008 160622b xxu||||| |||| 00| 0 eng d
020 _a81-86314-65-2
041 _aeng
082 _b8852
_a658.351
100 _aAnandaram ,Dr, K.S
_92433
245 _aCase studies Personal management Industrial Relations and Trade Union
260 _bEPH
_c1997
300 _a269
650 _aManagement
_9241
942 _cBK
999 _c3450
_d3449